000 00588nam a2200241 a 4500
001 nice12345678
003 IN_TiNIC
005 20260116011717.0
008 050524s1966 cala grp 000 0 eng
020 _a
_c10
082 0 0 _a922.97
_bNAY
100 _aNayar, Pyarelal
245 _aThrown to the Wolves
_b Abdul Ghaffar
260 _aCalcutta
_bEastlight Book House
_c1966
300 _a164p
500 _aincludes index and biblioraphy
505 2 _aindex
650 _aAbul Ghaffar Khan
700 1 _aNayar, Pyarelal
902 _bSRS
942 _cBK
999 _c3488
_d3488